Romeo and Juliet Characters Quiz - Statistics

General Stats
  • This quiz has been taken 104 times
  • The average score is 11 of 15
Answer Stats
Hint Answer % Correct
Romeo's closest friend, the comic relief of the play Mercutio
92%
From the house of Montague, 16 years old, secretly marries Juliet Romeo Montague
91%
From the house of Capulet, likes to start fights, Juliet's cousin Tybalt
91%
From the house of Capulet, 13 years old, secretly marries Romeo Juliet Capulet
89%
From the house of Montague, known as the peacekeeper, Romeo's cousin Benvolio
86%
From the house of Montague, Romeo's Mother Lady Montague
85%
From the house of Montague, Romeo's Father Lord Montague
85%
From the house of Capulet, Juliet's Mother Lady Capulet
84%
From the house of Capulet, Juliet's Father Lord Capulet
84%
From the house of Capulet, Juliet's caretaker Nurse
84%
Friend to both Romeo and Juliet, marries them together in secret Friar Lawrence
77%
Girl who Romeo loves at the beginning of the play, swore to a chaste life Rosaline
72%
Kinsman to Count Paris, wants the feuding between the Capulets and Montagues to stop Prince Escalus
53%
Often played by a single narrator Chorus
34%
Kinsman to Prince Escalus, wants to marry Juliet Count Paris of Escalus
27%
No matching quizzes found
Score Distribution
Percent of People with Each Score
Percentile by Number Answered
Your Score History
You have not taken this quiz